Normale Ansicht MARC-Ansicht ISBD

Bibliomane und Büchermörder: (Titelsatznr. 80716)

[ MARC ]
MARC-Details
000 -Satzkennung
Kontrollfeld mit fester Länge 00884nam a22001817a 4500
008 - Feld mit fester Länge zur physischen Beschreibung - Allgemeine Angaben
Kontrollfeld mit fester Länge 201130b ||||| |||| 00| 0 eng d
040 ## - Katalogisierungsquelle
Katalogisierungssprache ger
Übertragungsstelle STAFF
Beschreibungsfestlegungen rda
Original-Katalogisierungsstelle STAFF
041 ## - Sprachcode
Sprachcode des Textes/der Tonspur oder des separaten Titels ger
100 ## - Person oder Familie als 1. geistiger Schöpfer
Personenname Grombacher, Welf:
245 ## - Titel
Haupttitel Bibliomane und Büchermörder:
Titelzusatz Ein Verbrecher aus Leidenschaft? Bis heute gibt das Leben des Magister Tinius aus der Niederlausitz Rätsel auf. Die Vorliebe des Lehrers für Gedrucktes nahm derart krankhafte Züge an, dass er dafür sogar über Leichen ging /
Verantwortlichkeitsangabe Welf Grombacher
490 ## - Gesamttitelangabe
Haupttitel der Reihe/Unterreihe Brandenburger Blätter
Zählung 13./14.02.2021
653 ## - Lokales Schlagwort
Nicht-normierter Term Tinius, Johann Georg (1764-1846)
773 ## - Übergeordnete Einheit
Ort, Verlag und Erscheinungsjahr Frankfurt (Oder): Märkisches Verlags- und Druckhaus GmbH & Co KG
Verknüpfungsangaben 32. Jahrgang (2021) Nr. 37 vom 13./14.02.2021, Journal am Wochenende, S. 5: Abb.
Titel Märkische Oderzeitung
942 ## - Zusätzliche Felder (Koha)
Koha-Medientyp Aufsätze
Exemplare
Ausgeschieden Verloren Beschädigt Nicht entleihbar Permanenter Standort Aktueller Standort Aufstellungsort Eingabedatum Anzahl Ausleihen Signatur Letzte Aktivität Preis gültig von Medientyp
        Stadtarchiv Frankfurt (Oder) | Archivbibliothek Stadtarchiv Frankfurt (Oder) | Archivbibliothek Magazin 15/02/2021   Z2 15/02/2021 15/02/2021 Aufsätze